00741nam a2200181 a 450000100100000000500170001000800410002702000150006804000250008311101020010824500420021026000670025230000360031950400730035504900090042895201050043799900170054200003439220200930073656.0111004s1999 es ad 000 0 spa d a8436933990 aDO-SdBNPbspacBNPHU2 aJornadas Europeas de Voluntariado Culturaln(4: 3-5 de mayocSantiago de Compostelad1999)95981810a1V Jornadas de voluntariado cultural. aMadrid :bMinisterio de Educación Cultural y Deporte,c1999. a191 p. :bil., gráf. ;c1999. aIncluye referencias bibliográficas y notas al pie de las páginas aBNPD 001050718MOaGRbGRcCTd2011-10-04iLF1l0o p34392-10r2020-06-25w2020-06-25y1ZNo se presta c33883d33883